[Event "Almansa op 7th"]
[Site "Almansa"]
[Date "2012.08.10"]
[Round "7"]
[White "Arias Igual, Alejandro"]
[Black "Berrocal, Jorge"]
[Result "1/2-1/2"]
[WhiteElo "2150"]
[BlackElo "2240"]
[PlyCount "129"]
[EventDate "2012.08.07"]
[EventType "swiss"]
[EventRounds "9"]
[EventCountry "ESP"]
[SourceTitle "CBM 149 Extra"]
[Source "ChessBase"]
[SourceDate "2012.08.24"]
[SourceVersion "1"]
[SourceVersionDate "2012.08.24"]
[SourceQuality "1"]

1. d4 e6 2. c4 Nf6 3. Nf3 d5 4. Nc3 Be7 5. Bf4 dxc4 6. Qa4+ c6 7. Qxc4 0-0 8. e4 b5 9. Qd3 Bb7 10. Rd1 b4 11. Na4 Qa5 12. b3 c5 13. dxc5 Nxe4 14. Bd6 Rd8 15. Bxe7 Rxd3 16. Bxd3 Na6 17. Rc1 Nc3 18. 0-0 Bd5 19. Nxc3 bxc3 20. Bxa6 Qxa6 21. Rxc3 Rc8 22. a4 Qb7 23. Bg5 f6 24. Bd2 e5 25. Rfc1 Bc6 26. Ne1 Rd8 27. Be3 Qb4 28. Kf1 Kf7 29. Ke2 h6 30. f3 g5 31. h3 Ke6 32. Nd3 Qa3 33. R1c2 a5 34. Bc1 Qa1 35. Nb2 e4 36. Nc4 Rd3 37. Rxd3 exd3+ 38. Kxd3 Qb1 39. Nxa5 Be8 40. Kc3 Bg6 41. Re2+ Kd5 42. Rd2+ Kxc5 43. Ba3+ Kb6 44. Nc4+ Kc7 45. a5 Qa1+ 46. Kb4 Qe1 47. Kb5 Be8+ 48. Kc5 Qg1+ 49. Kb4 Qe1 50. Bb2 Bf7 51. Bc3 Qe7+ 52. Nd6 Kc6 53. Ka4 Bd5 54. Bb4 Qe3 55. Rc2+ Kd7 56. Nc4 Bc6+ 57. Ka3 Qg1 58. Nb6+ Kc7 59. Bc5 Qa1+ 60. Kb4 Kb7 61. Nc4 Qe1+ 62. Rd2 Bd5 63. Bf2 Qe7+ 64. Bc5 Qe1 65. Bf2 1/2-1/2

[Event "Almansa op 7th"]
[Site "Almansa"]
[Date "2012.08.08"]
[Round "2"]
[White "Berrocal, Jorge"]
[Black "Nicolas Zapata, Javier"]
[Result "0-1"]
[WhiteElo "2240"]
[BlackElo "2043"]
[PlyCount "64"]
[EventDate "2012.08.07"]
[EventType "swiss"]
[EventRounds "9"]
[EventCountry "ESP"]
[SourceTitle "CBM 149 Extra"]
[Source "ChessBase"]
[SourceDate "2012.08.24"]
[SourceVersion "1"]
[SourceVersionDate "2012.08.24"]
[SourceQuality "1"]

1. e4 c5 2. Nf3 d6 3. d4 cxd4 4. Nxd4 Nf6 5. Nc3 g6 6. Be3 Bg7 7. Bc4 0-0 8. f3 Nc6 9. Qd2 Bd7 10. 0-0-0 Rb8 11. Bb3 Na5 12. h4 b5 13. Kb1 Nc4 14. Bxc4 bxc4 15. Nde2 Qa5 16. Ka1 Qb4 17. Rb1 Rfc8 18. a3 Qa5 19. Ka2 Rc6 20. Ra1 Ra6 21. Qc1 Ne8 22. g4 Nc7 23. Bd4 e5 24. Be3 Bf8 25. Nd5 Be6 26. Nec3 Nb5 27. Nxb5 Rxb5 28. Nc3 Rb8 29. h5 d5 30. exd5 Rxb2+ 31. Qxb2 Bxa3 32. Qb5 Bc1+ 0-1

[Event "Almansa op 7th"]
[Site "Almansa"]
[Date "2012.08.08"]
[Round "3"]
[White "Varga, Mariano"]
[Black "Berrocal, Jorge"]
[Result "1-0"]
[WhiteElo "2103"]
[BlackElo "2240"]
[PlyCount "57"]
[EventDate "2012.08.07"]
[EventType "swiss"]
[EventRounds "9"]
[EventCountry "ESP"]
[SourceTitle "CBM 149 Extra"]
[Source "ChessBase"]
[SourceDate "2012.08.24"]
[SourceVersion "1"]
[SourceVersionDate "2012.08.24"]
[SourceQuality "1"]

1. d4 g6 2. c4 Bg7 3. e4 d6 4. f4 c5 5. d5 Nf6 6. Nc3 0-0 7. Nf3 e6 8. Be2 exd5 9. cxd5 Re8 10. e5 dxe5 11. fxe5 Ng4 12. e6 fxe6 13. d6 Ne5 14. 0-0 Nf7 15. Ne4 Nd7 16. Nfg5 Nde5 17. Nxf7 Nxf7 18. Rxf7 Kxf7 19. Bg5 Bd4+ 20. Kh1 Qb6 21. Qd2 Bd7 22. Be7 Kg7 23. Rf1 Rf8 24. Bxf8+ Rxf8 25. Rxf8 Kxf8 26. Qf4+ Kg7 27. Qg5 Qa5 28. b4 Qb6 29. Qe7+ 1-0

[Event "Almansa op 6th"]
[Site "Almansa"]
[Date "2011.08.11"]
[Round "5"]
[White "Berrocal, Jorge"]
[Black "Barranco Cara, Francisco Javier"]
[Result "1/2-1/2"]
[WhiteElo "2261"]
[BlackElo "2120"]
[PlyCount "65"]
[EventDate "2011.08.09"]
[EventType "swiss"]
[EventRounds "9"]
[EventCountry "ESP"]
[SourceTitle "CBM 144 Extra"]
[Source "ChessBase"]
[SourceDate "2011.10.28"]
[SourceVersion "1"]
[SourceVersionDate "2011.10.28"]
[SourceQuality "1"]

1. e4 c5 2. Nc3 d6 3. Nf3 Nf6 4. d4 cxd4 5. Nxd4 a6 6. Bg5 e6 7. f4 Be7 8. Qf3 Qc7 9. 0-0-0 Nbd7 10. g4 b5 11. Bxf6 Bxf6 12. Bxb5 Rb8 13. Bxd7+ Bxd7 14. Qe3 Qb6 15. g5 Be7 16. b3 0-0 17. Kb2 Rfc8 18. f5 Qa5 19. Rd3 Rc5 20. Rg1 Rbc8 21. Rg3 Bf8 22. g6 hxg6 23. fxe6 fxe6 24. Rxg6 d5 25. Nde2 Bb5 26. exd5 e5 27. Qxe5 Re8 28. Re6 Rec8 29. Rg6 Bxd3 30. Qe6+ Kh7 31. Rg3 Rxd5 32. Qxd5 Ba3+ 33. Kb1 1/2-1/2

[Event "Almansa op 6th"]
[Site "Almansa"]
[Date "2011.08.10"]
[Round "2"]
[White "Martin Hernandez, Ruben"]
[Black "Berrocal, Jorge"]
[Result "1/2-1/2"]
[WhiteElo "2128"]
[BlackElo "2261"]
[PlyCount "65"]
[EventDate "2011.08.09"]
[EventType "swiss"]
[EventRounds "9"]
[EventCountry "ESP"]
[SourceTitle "CBM 144 Extra"]
[Source "ChessBase"]
[SourceDate "2011.10.28"]
[SourceVersion "1"]
[SourceVersionDate "2011.10.28"]
[SourceQuality "1"]

1. c4 g6 2. g3 Bg7 3. Bg2 c5 4. Nc3 Nc6 5. Nf3 d6 6. 0-0 a6 7. a3 Rb8 8. Rb1 Bf5 9. d3 b5 10. cxb5 axb5 11. Bd2 b4 12. axb4 Nxb4 13. Na2 Nxa2 14. Qa4+ Bd7 15. Qxa2 Ra8 16. Qc4 Ra4 17. Qc1 Nf6 18. b4 cxb4 19. Rxb4 Rxb4 20. Bxb4 0-0 21. Bc3 Qb6 22. Qa1 Rc8 23. Bd4 Qc7 24. Bb2 Qb6 25. Bd4 Qc7 26. Bb2 h6 27. Rc1 Qb8 28. Rxc8+ Qxc8 29. Qc1 Qb8 30. Nd2 Be6 31. Qa1 Ne8 32. Bxg7 Nxg7 33. Qa8 1/2-1/2

[Event "Almansa op 6th"]
[Site "Almansa"]
[Date "2011.08.09"]
[Round "1"]
[White "Berrocal, Jorge"]
[Black "Del Valle Domenech, Rafael"]
[Result "1-0"]
[WhiteElo "2261"]
[BlackElo "2070"]
[PlyCount "75"]
[EventDate "2011.08.09"]
[EventType "swiss"]
[EventRounds "9"]
[EventCountry "ESP"]
[SourceTitle "CBM 144 Extra"]
[Source "ChessBase"]
[SourceDate "2011.10.28"]
[SourceVersion "1"]
[SourceVersionDate "2011.10.28"]
[SourceQuality "1"]

1. e4 Nf6 2. e5 Nd5 3. d4 d6 4. Nf3 g6 5. c4 Nb6 6. exd6 cxd6 7. Nc3 Bg7 8. Be3 0-0 9. Rc1 Nc6 10. b3 e5 11. d5 Ne7 12. c5 dxc5 13. Bxc5 Nbxd5 14. Nxd5 Nxd5 15. Bc4 Qa5+ 16. b4 Nxb4 17. Qd2 Nc6 18. Qxa5 Nxa5 19. Bxf8 Bxf8 20. Bd5 Bb4+ 21. Ke2 Nc6 22. Rhd1 Bg4 23. Rc4 Bxf3+ 24. Kxf3 Ba5 25. Bxc6 bxc6 26. Rxc6 Re8 27. Rd7 Bb6 28. Rf6 Rf8 29. Ke4 Kg7 30. Rf3 Bd4 31. g4 g5 32. a4 Kg6 33. a5 h6 34. h3 f6 35. Kd5 Rc8 36. Rf5 Rc2 37. Ke6 Rxf2 38. Rxd4 1-0

[Event "Mislata op-A"]
[Site "Mislata"]
[Date "2010.08.19"]
[Round "5"]
[White "Berrocal, Jorge"]
[Black "Montalban Galvez, Antonio"]
[Result "1-0"]
[WhiteElo "2293"]
[BlackElo "2197"]
[PlyCount "95"]
[EventDate "2010.08.16"]
[EventType "swiss"]
[EventRounds "9"]
[EventCountry "ESP"]
[SourceTitle "CBM 138 Extra"]
[Source "ChessBase"]
[SourceDate "2010.10.29"]
[SourceVersion "1"]
[SourceVersionDate "2010.10.29"]
[SourceQuality "1"]

1. c4 Nf6 2. Nc3 g6 3. Nf3 Bg7 4. g3 0-0 5. Bg2 c6 6. d4 d6 7. 0-0 Nbd7 8. Qc2 e5 9. Rd1 Qe7 10. b4 e4 11. Ng5 d5 12. cxd5 cxd5 13. Qb3 Nb6 14. Nh3 Be6 15. Nf4 Rac8 16. f3 exf3 17. Bxf3 Rfd8 18. Nxe6 Qxe6 19. Bf4 Nc4 20. Rd3 Ng4 21. Rc1 Nge3 22. Kh1 Re8 23. Nb5 Ng4 24. Kg1 Qf5 25. Nc7 g5 26. Nxe8 Rxe8 27. Bd2 Nf6 28. g4 Nxg4 29. Rxc4 dxc4 30. Qxc4 Nf6 31. Qc5 Qxc5 32. dxc5 Ne4 33. Be1 f5 34. Rd7 g4 35. Bxe4 Rxe4 36. Kf1 Rf4+ 37. Kg2 Re4 38. Rxb7 Rxe2+ 39. Kf1 Rxa2 40. c6 Rc2 41. c7 Bf8 42. Bg3 Rc4 43. Ke2 h5 44. Kd3 Rc6 45. b5 Rc1 46. Bf4 Rc5 47. Rxa7 h4 48. Ra8 1-0

[Event "Mislata op-A"]
[Site "Mislata"]
[Date "2010.08.19"]
[Round "6"]
[White "Torres Sanchez, Jose"]
[Black "Berrocal, Jorge"]
[Result "1-0"]
[WhiteElo "2318"]
[BlackElo "2293"]
[PlyCount "133"]
[EventDate "2010.08.16"]
[EventType "swiss"]
[EventRounds "9"]
[EventCountry "ESP"]
[SourceTitle "CBM 138 Extra"]
[Source "ChessBase"]
[SourceDate "2010.10.29"]
[SourceVersion "1"]
[SourceVersionDate "2010.10.29"]
[SourceQuality "1"]

1. e4 d5 2. exd5 Qxd5 3. Nc3 Qd8 4. d4 Nf6 5. Bc4 c6 6. Nf3 b5 7. Bb3 e6 8. 0-0 Be7 9. a4 b4 10. Ne2 0-0 11. c4 bxc3 12. bxc3 c5 13. Nf4 cxd4 14. cxd4 Bb7 15. Re1 Nd5 16. Nd3 Na6 17. Nfe5 Rc8 18. Qg4 Rc3 19. Rb1 Nf6 20. Qh3 Bd5 21. Bxd5 Qxd5 22. Nf4 Qa5 23. Bd2 Rxh3 24. Bxa5 Ra3 25. Rb7 Bd6 26. Rxa7 Nb4 27. Bb6 g5 28. Nh3 Nc2 29. Rc1 h6 30. Nc4 Rb3 31. f4 g4 32. Nf2 Bxf4 33. Rxc2 Rb1+ 34. Nd1 Rxd1+ 35. Kf2 Rc8 36. g3 Bb8 37. Rb7 Rh1 38. Kg2 Rd1 39. a5 Nd5 40. Bc5 Bc7 41. Ra7 h5 42. Rb2 h4 43. Nb6 h3+ 44. Kf2 Rh1 45. Nxd5 Rxh2+ 46. Kg1 Rxb2 47. Rxc7 Ra8 48. Ne7+ Kg7 49. Bb6 Rg2+ 50. Kh1 Rxg3 51. d5 Rd3 52. dxe6 fxe6 53. Nd5+ Kh6 54. Nf4 Rf3 55. Nxe6 g3 56. Rc1 Rg8 57. Nf4 Rxf4 58. Be3 Kg6 59. Bxf4 Kf5 60. Bc7 Rg6 61. Bb6 Ke4 62. Rb1 Kf3 63. a6 h2 64. Rb3+ Ke4 65. a7 Rg8 66. Ra3 Ra8 67. Bc7 1-0

[Event "Mislata op-A"]
[Site "Mislata"]
[Date "2010.08.18"]
[Round "4"]
[White "Aranda Flores, Jordi"]
[Black "Berrocal, Jorge"]
[Result "0-1"]
[WhiteElo "2140"]
[BlackElo "2293"]
[PlyCount "133"]
[EventDate "2010.08.16"]
[EventType "swiss"]
[EventRounds "9"]
[EventCountry "ESP"]
[SourceTitle "CBM 138 Extra"]
[Source "ChessBase"]
[SourceDate "2010.10.29"]
[SourceVersion "1"]
[SourceVersionDate "2010.10.29"]
[SourceQuality "1"]

1. d4 Nf6 2. c4 g6 3. Nc3 Bg7 4. e4 d6 5. Nge2 e5 6. d5 a5 7. Ng3 Na6 8. h4 h5 9. Bg5 Bh6 10. Bxh6 Rxh6 11. Qd2 Rh8 12. 0-0-0 Qe7 13. Kb1 Bd7 14. f3 Nc5 15. b3 Qd8 16. Bd3 b6 17. Nf1 Ng8 18. Qg5 Qxg5 19. hxg5 f6 20. gxf6 Nxf6 21. Ne3 Ke7 22. Kc2 h4 23. Rh2 Rh7 24. Rdh1 Rah8 25. Ne2 g5 26. g4 hxg3 27. Rxh7+ Rxh7 28. Rxh7+ Nxh7 29. Nxg3 Nf6 30. Kd2 Kf7 31. Bc2 g4 32. fxg4 Nxg4 33. Nxg4 Bxg4 34. Ke3 Kf6 35. Nh1 Bh3 36. Nf2 Bf1 37. Nd1 a4 38. Nc3 axb3 39. axb3 Kg5 40. Nb5 Na6 41. Bb1 Bh3 42. Bd3 Bd7 43. Nc3 Nb4 44. Bb1 Kg4 45. Nd1 Kg3 46. Nf2 b5 47. Nd3 Na6 48. Bc2 Kg2 49. Bd1 Kg1 50. Be2 bxc4 51. bxc4 Ba4 52. Kd2 Kg2 53. Bg4 Kg3 54. Bc8 Nc5 55. Nxc5 dxc5 56. Ke3 Bb3 57. Ba6 Bc2 58. Bc8 Bb1 59. Bd7 Ba2 60. Bb5 Kg2 61. Kd3 Bb1+ 62. Ke3 Kf1 63. Be8 Bc2 64. Bh5 Ke1 65. Be2 Bxe4 66. Kxe4 Kxe2 67. Kxe5 0-1

[Event "Mislata op 43rd"]
[Site "Mislata"]
[Date "2009.08.29"]
[Round "8"]
[White "Berrocal, Jorge"]
[Black "Molina, Jorge"]
[Result "0-1"]
[WhiteElo "2322"]
[BlackElo "2129"]
[PlyCount "81"]
[EventDate "2009.08.24"]
[EventType "swiss"]
[EventRounds "9"]
[EventCountry "ESP"]
[SourceTitle "CBM 131 Extra"]
[Source "ChessBase"]
[SourceDate "2009.09.03"]
[SourceVersion "2"]
[SourceVersionDate "2009.09.16"]
[SourceQuality "1"]

1. e4 c6 2. d4 d5 3. Nd2 dxe4 4. Nxe4 Bf5 5. Ng3 Bg6 6. h4 h6 7. Nf3 Nd7 8. h5 Bh7 9. Bd3 Bxd3 10. Qxd3 Ngf6 11. Bf4 Qa5+ 12. Bd2 Qc7 13. 0-0-0 e6 14. Ne4 0-0-0 15. c4 Nxe4 16. Qxe4 Nf6 17. Qe2 c5 18. Rh4 cxd4 19. Nxd4 a6 20. Nf3 Be7 21. Bc3 Rxd1+ 22. Kxd1 Rd8+ 23. Kc2 Nd7 24. Rg4 Bf6 25. Bxf6 gxf6 26. b4 Qc6 27. Kb3 Nb6 28. a3 e5 29. Qc2 Kb8 30. Re4 Qa4+ 31. Kb2 Qd7 32. g4 Rg8 33. Nh2 f5 34. gxf5 Qxf5 35. Qe2 f6 36. Ng4 Qxh5 37. Nxf6 Qxe2+ 38. Rxe2 Rf8 39. Ne4 Nxc4+ 40. Kb3 b5 41. Nd2 0-1

[Event "Mislata op 15th"]
[Site "Mislata"]
[Date "2007.08.29"]
[Round "8"]
[White "Crecente Penalba, Jose Manuel"]
[Black "Berrocal, Jorge"]
[Result "0-1"]
[WhiteElo "2140"]
[BlackElo "2353"]
[PlyCount "72"]
[EventDate "2007.08.22"]
[EventType "swiss"]
[EventRounds "9"]
[EventCountry "ESP"]
[SourceTitle "CBM 120 Extra"]
[Source "ChessBase"]
[SourceDate "2007.11.01"]
[SourceVersion "1"]
[SourceVersionDate "2007.11.01"]
[SourceQuality "1"]

1. c4 Nf6 2. g3 c5 3. Bg2 Nc6 4. Nc3 g6 5. e3 Bg7 6. Nge2 d6 7. 0-0 0-0 8. h3 a6 9. d4 Bd7 10. d5 Na5 11. Qd3 b5 12. cxb5 axb5 13. e4 b4 14. Nd1 Qb6 15. Re1 Bb5 16. Qb1 Qa6 17. Qc2 Bd3 18. Qd2 Nxe4 19. Bxe4 Bxe4 20. Nf4 Bf3 21. Qe3 Bxd1 22. Rxd1 Nc4 23. Qe1 Nxb2 24. Bxb2 Bxb2 25. Qxe7 Rfe8 26. Qh4 Bc3 27. Rac1 Be5 28. Nd3 Qxa2 29. Nxe5 Rxe5 30. Ra1 Qxa1 31. Rxa1 Rxa1+ 32. Kg2 Rxd5 33. Qd8+ Kg7 34. g4 Ra2 35. Kg3 Rd3+ 36. Kh4 Rxf2 0-1

[Event "Mislata op 15th"]
[Site "Mislata"]
[Date "2007.08.23"]
[Round "2"]
[White "Reig Munoz, Jose Enrique"]
[Black "Berrocal, Jorge"]
[Result "1/2-1/2"]
[WhiteElo "2052"]
[BlackElo "2353"]
[PlyCount "119"]
[EventDate "2007.08.22"]
[EventType "swiss"]
[EventRounds "9"]
[EventCountry "ESP"]
[SourceTitle "CBM 120 Extra"]
[Source "ChessBase"]
[SourceDate "2007.11.01"]
[SourceVersion "1"]
[SourceVersionDate "2007.11.01"]
[SourceQuality "1"]

1. e4 e6 2. d4 d5 3. Nd2 c5 4. Ngf3 Nf6 5. exd5 Qxd5 6. Bc4 Qd8 7. 0-0 Nc6 8. Nb3 cxd4 9. Nbxd4 Nxd4 10. Nxd4 Qc7 11. Bb3 Bd7 12. c3 Bd6 13. Kh1 0-0-0 14. Bg5 h6 15. Bxf6 gxf6 16. Qh5 Rh7 17. Rad1 Qc5 18. Qxc5+ Bxc5 19. Bc2 Rg7 20. f4 f5 21. Rd2 Bc6 22. Bd1 Bxd4 23. cxd4 Bd5 24. b3 f6 25. Kg1 Rc7 26. Kf2 Be4 27. Be2 Rc3 28. Bc4 Rd6 29. Rfd1 a6 30. a4 Kc7 31. a5 h5 32. h4 Rd7 33. Bxe6 Rg7 34. Rg1 Rg4 35. g3 Rf3+ 36. Ke1 Rgxg3 37. Rxg3 Rxg3 38. Bf7 Rh3 39. Bxh5 Rxh4 40. Bf7 Kd6 41. Bc4 Rh1+ 42. Ke2 Ra1 43. Ke3 Rxa5 44. Rh2 b5 45. Bf7 Ra1 46. Rh8 Ke7 47. Rh7 Re1+ 48. Kd2 Rh1 49. Rxh1 Bxh1 50. Bg6 Be4 51. b4 Kd6 52. Kc3 Kc6 53. Bh7 Kb6 54. d5 a5 55. bxa5+ Kxa5 56. Bg8 b4+ 57. Kc4 b3 58. Kxb3 Kb5 59. Kc3 Kc5 60. Be6 1/2-1/2

[Event "Sants op 8th"]
[Site "Sants"]
[Date "2006.09.03"]
[Round "10.11"]
[White "Berrocal, Jorge"]
[Black "Hernando Rodrigo, Julio Antonio"]
[Result "1-0"]
[WhiteElo "2317"]
[BlackElo "2345"]
[PlyCount "73"]
[EventDate "2006.08.25"]
[EventType "swiss"]
[EventRounds "10"]
[EventCountry "ESP"]
[SourceTitle "EXT 2022"]
[Source "ChessBase"]
[SourceDate "2021.10.06"]
[SourceVersion "1"]
[SourceVersionDate "2021.10.06"]
[SourceQuality "1"]

1. e4 d5 2. exd5 Qxd5 3. Nc3 Qa5 4. d4 Nf6 5. Nf3 c6 6. Bc4 Bg4 7. h3 Qh5 8. Be2 e6 9. 0-0 Bxf3 10. Bxf3 Qa5 11. Re1 Bb4 12. Bd2 0-0 13. a3 Bxc3 14. Bxc3 Qc7 15. Qc1 Nbd7 16. b3 Rfe8 17. g3 Rab8 18. Kg2 c5 19. dxc5 Qxc5 20. Qe3 Qxe3 21. Rxe3 Rec8 22. Bd4 Rxc2 23. Bxa7 Rbc8 24. Bd4 b6 25. a4 h6 26. b4 Rd2 27. Rc3 Rd8 28. Be3 Rb2 29. b5 e5 30. Rc4 Nc5 31. Bc6 Nb3 32. Bxb6 Rdd2 33. Rf1 Rd3 34. Re1 Nd2 35. Rh1 e4 36. a5 Nf3 37. Bxe4 1-0

[Event "Barbera del Valles op 29th"]
[Site "Barbera del Valles"]
[Date "2006.07.12"]
[Round "8"]
[White "Berrocal, Jorge"]
[Black "Cuartas, Jaime Alexander"]
[Result "1-0"]
[WhiteElo "2343"]
[BlackElo "2458"]
[PlyCount "109"]
[EventDate "2006.07.05"]
[EventType "swiss"]
[EventRounds "9"]
[EventCountry "ESP"]
[SourceTitle "CBM 113 Extra"]
[Source "ChessBase"]
[SourceDate "2006.09.14"]
[SourceVersion "1"]
[SourceVersionDate "2006.09.14"]
[SourceQuality "1"]

1. e4 c5 2. Nf3 Nc6 3. d4 cxd4 4. Nxd4 Qb6 5. Nb3 Nf6 6. Nc3 e6 7. Be3 Qc7 8. Bd3 Bb4 9. 0-0 Bxc3 10. bxc3 d6 11. f4 e5 12. Kh1 Ng4 13. Bg1 exf4 14. Rxf4 Nge5 15. Nd4 Ng6 16. Rf1 0-0 17. Nf5 Nge5 18. Bb5 Rd8 19. Qe1 f6 20. Ba4 Ne7 21. Bb3+ Kh8 22. Qg3 Bxf5 23. exf5 d5 24. Rad1 Rac8 25. Qh4 b6 26. Bd4 N7c6 27. Rde1 b5 28. a4 bxa4 29. Bxa4 Nxd4 30. cxd4 Nf7 31. Qh5 Nd6 32. Bb3 Nc4 33. Re6 Nb6 34. Rfe1 Rg8 35. Re7 Qf4 36. Rxa7 Qxd4 37. Rae7 Nc4 38. h3 Nd2 39. Rd1 Qc5 40. Qe2 Nxb3 41. cxb3 Rcd8 42. Qe6 Rd6 43. Qf7 Qb5 44. Rd4 Rdd8 45. Qg6 Qf1+ 46. Kh2 Qf2 47. Qg4 h6 48. b4 Rc8 49. Rxd5 Rc1 50. Rd8 Qg1+ 51. Kg3 Rc3+ 52. Kh4 Qf2+ 53. Kh5 Qxf5+ 54. Qxf5 Rxd8 55. Rxg7 1-0

[Event "Badalona op 32nd"]
[Site "Badalona"]
[Date "2006.07.05"]
[Round "4.10"]
[White "Berrocal, Jorge"]
[Black "Almeida Quintana, Omar"]
[Result "0-1"]
[WhiteElo "2317"]
[BlackElo "2475"]
[PlyCount "58"]
[EventDate "2006.07.02"]
[EventType "swiss"]
[EventRounds "9"]
[EventCountry "ESP"]
[SourceTitle "EXT 2022"]
[Source "ChessBase"]
[SourceDate "2021.10.06"]
[SourceVersion "1"]
[SourceVersionDate "2021.10.06"]
[SourceQuality "1"]

1. e4 c5 2. Nf3 e6 3. d4 cxd4 4. Nxd4 a6 5. Nc3 b5 6. Bd3 Qb6 7. Nb3 Qc7 8. 0-0 Bb7 9. Qe2 d6 10. f4 Nd7 11. a3 Ngf6 12. Be3 Be7 13. Kh1 0-0 14. Bd4 e5 15. Bg1 Rfe8 16. Qf3 Rac8 17. Rae1 Qb8 18. Nd5 Nxd5 19. exd5 Nf6 20. Qg3 e4 21. Bxe4 Nxe4 22. Rxe4 Bxd5 23. Bd4 f6 24. Rxe7 Rxe7 25. Bxf6 Rxc2 26. Rg1 Rf7 27. Bc3 Bxb3 28. Bxg7 Rxg7 29. Qxb3+ Rc4 0-1

[Event "Olympiad-37"]
[Site "Turin"]
[Date "2006.06.04"]
[Round "13"]
[White "Berrocal, Jorge"]
[Black "Mikheev, Stanislav Valerievi"]
[Result "1-0"]
[WhiteElo "2343"]
[BlackElo "2384"]
[PlyCount "83"]
[EventDate "2006.05.21"]
[EventType "team-swiss"]
[EventRounds "13"]
[EventCountry "ITA"]
[SourceTitle "CBM 113"]
[Source "ChessBase"]
[SourceDate "2006.07.31"]
[SourceVersion "1"]
[SourceVersionDate "2006.07.31"]
[SourceQuality "1"]
[WhiteTeam "Bolivia"]
[BlackTeam "IPCA"]
[WhiteTeamCountry "BOL"]

1. e4 c5 2. Nf3 d6 3. d4 cxd4 4. Nxd4 Nf6 5. Nc3 Nc6 6. Bg5 e6 7. Qd2 Be7 8. 0-0-0 0-0 9. f4 Nxd4 10. Qxd4 Qa5 11. Kb1 Rd8 12. Bc4 Bd7 13. Bb3 Bc6 14. Rhf1 Rac8 15. f5 e5 16. Qd2 Rd7 17. Qe1 Qd8 18. Bxf6 Bxf6 19. Rf3 Kf8 20. Rfd3 Ke7 21. g3 b5 22. Bd5 Qb6 23. Bxc6 Qxc6 24. Qe2 Kf8 25. Nd5 Bd8 26. Rc3 Qb7 27. Rxc8 Qxc8 28. Qxb5 Rb7 29. Qd3 Bb6 30. c3 Bc5 31. Qc4 Qd8 32. Kc2 a5 33. b3 Rb8 34. h4 Rc8 35. Qa4 g6 36. Rf1 gxf5 37. Rxf5 Kg7 38. Qb5 Rb8 39. Qc4 Rb7 40. Qe2 Kh8 41. Nf6 Qf8 42. Rg5 1-0

[Event "Olympiad-37"]
[Site "Turin"]
[Date "2006.06.02"]
[Round "11"]
[White "Seba, Kamel"]
[Black "Berrocal, Jorge"]
[Result "1/2-1/2"]
[WhiteElo "2236"]
[BlackElo "2343"]
[PlyCount "129"]
[EventDate "2006.05.21"]
[EventType "team-swiss"]
[EventRounds "13"]
[EventCountry "ITA"]
[SourceTitle "CBM 113"]
[Source "ChessBase"]
[SourceDate "2006.07.31"]
[SourceVersion "1"]
[SourceVersionDate "2006.07.31"]
[SourceQuality "1"]
[WhiteTeam "Algeria"]
[BlackTeam "Bolivia"]
[WhiteTeamCountry "ALG"]
[BlackTeamCountry "BOL"]

1. d4 Nf6 2. c4 c5 3. Nf3 g6 4. Nc3 cxd4 5. Nxd4 Nc6 6. e4 d6 7. Be2 Bg7 8. Be3 0-0 9. 0-0 Bd7 10. Qd2 Nxd4 11. Bxd4 Bc6 12. f3 a5 13. b3 Nd7 14. Be3 f5 15. exf5 gxf5 16. Rfc1 Nc5 17. Rab1 Qe8 18. Nd5 Qf7 19. Bg5 Bxd5 20. cxd5 f4 21. Bc4 Be5 22. Bh6 Rfb8 23. Bg5 b5 24. Bf1 b4 25. Bc4 Kh8 26. Bh4 Nd7 27. Bf2 Qf6 28. Qd3 Bc3 29. Rxc3 bxc3 30. Bd4 Ne5 31. Qxc3 Rg8 32. Bxe5 dxe5 33. h4 Rg3 34. Re1 Rag8 35. Bf1 Qxh4 36. Qxe5+ R3g7 37. Rc1 Qg5 38. Qd4 h5 39. Re1 Qf6 40. Qxf6 exf6 41. Re4 Rg5 42. Rxf4 Rxd5 43. Rxf6 Rgg5 44. Re6 Kg7 45. Re2 Rd1 46. Kf2 Rgd5 47. g3 Kf6 48. f4 R5d2 49. Ke3 Rd8 50. Kf2 R8d2 51. Ke3 Rd3+ 52. Kf2 R1d2 53. a4 Kg6 54. Rxd2 Rxd2+ 55. Ke3 Rb2 56. Bc4 Rg2 57. Kf3 Rh2 58. Bf1 Kf5 59. Bd3+ Kf6 60. Bc4 Kg6 61. Bd3+ Kf6 62. Bb5 h4 63. gxh4 Rh3+ 64. Ke4 Rxb3 65. Kd4 1/2-1/2

[Event "Castelldefels op 3rd"]
[Site "Castelldefels"]
[Date "2006.??.??"]
[Round "4"]
[White "Berrocal, Jorge"]
[Black "Chatalbashev, Boris"]
[Result "0-1"]
[WhiteElo "2317"]
[BlackElo "2507"]
[PlyCount "138"]
[EventDate "2006.08.16"]
[EventType "swiss"]
[EventRounds "9"]
[EventCountry "ESP"]
[SourceTitle "CBM 113 Extra"]
[Source "ChessBase"]
[SourceDate "2006.09.14"]
[SourceVersion "1"]
[SourceVersionDate "2006.09.14"]
[SourceQuality "1"]

1. e4 d6 2. d4 Nf6 3. Nc3 g6 4. Nf3 Bg7 5. Be2 0-0 6. 0-0 Bg4 7. Re1 Nc6 8. d5 Bxf3 9. Bxf3 Ne5 10. Be2 c6 11. f4 Ned7 12. dxc6 bxc6 13. Be3 Rb8 14. Rb1 Qc7 15. Qd3 e5 16. g3 Rfd8 17. a3 Nb6 18. Bf3 d5 19. exd5 Nfxd5 20. Nxd5 Nxd5 21. Bxd5 cxd5 22. fxe5 Bxe5 23. Bc1 Rbc8 24. Re2 Re8 25. Kh1 Qc6 26. Be3 Kg7 27. Bd4 Bxd4 28. Qxd4+ Qf6 29. Qxf6+ Kxf6 30. Rf1+ Kg7 31. c3 f5 32. Ref2 Kf6 33. Kg2 Re4 34. Rd1 Ke6 35. Rfd2 Rc5 36. Kf3 a5 37. Rd4 g5 38. h3 h5 39. g4 hxg4+ 40. hxg4 fxg4+ 41. Kg3 a4 42. Rxe4+ dxe4 43. Kxg4 Rd5 44. Re1 Ke5 45. Rf1 Rd2 46. Rf5+ Ke6 47. Rb5 Rg2+ 48. Kh3 Rf2 49. Kg3 Rf1 50. Kg2 Rf5 51. Rb4 Ke5 52. Rxa4 Kf4 53. Kf2 g4 54. Rb4 g3+ 55. Kg2 Rd5 56. Rb8 Rd2+ 57. Kf1 Kf3 58. Rf8+ Ke3 59. Rb8 Rd7 60. a4 Kd2 61. Re8 e3 62. b4 Rd3 63. a5 Rxc3 64. Rd8+ Rd3 65. Re8 Kd1 66. a6 e2+ 67. Rxe2 Rf3+ 68. Kg2 Kxe2 69. b5 Ra3 0-1

[Event "Castelldefels op 3rd"]
[Site "Castelldefels"]
[Date "2006.??.??"]
[Round "8"]
[White "Del Rio de Angelis, Salvador Gabriel"]
[Black "Berrocal, Jorge"]
[Result "1-0"]
[WhiteElo "2514"]
[BlackElo "2317"]
[PlyCount "51"]
[EventDate "2006.08.16"]
[EventType "swiss"]
[EventRounds "9"]
[EventCountry "ESP"]
[SourceTitle "CBM 113 Extra"]
[Source "ChessBase"]
[SourceDate "2006.09.14"]
[SourceVersion "1"]
[SourceVersionDate "2006.09.14"]
[SourceQuality "1"]

1. e4 e6 2. d4 d5 3. Bd3 c5 4. exd5 exd5 5. Qe2+ Be7 6. dxc5 Nf6 7. Nc3 0-0 8. Bg5 Nc6 9. 0-0-0 Bg4 10. f3 Be6 11. f4 Bg4 12. Nf3 Bxc5 13. h3 Nd4 14. Bxh7+ Nxh7 15. Rxd4 Bxf3 16. gxf3 Nxg5 17. Rxd5 Qc7 18. fxg5 Rfe8 19. Ne4 Bb6 20. c3 Re7 21. Rhd1 Rae8 22. Kb1 Qf4 23. Qg2 Kf8 24. Qg4 Qe3 25. Qh5 Kg8 26. Nf6+ 1-0